| Record ID | ia:microfocuscobolf00micr |
| Source | Internet Archive |
| Download MARC XML | https://archive.org/download/microfocuscobolf00micr/microfocuscobolf00micr_marc.xml |
| Download MARC binary | https://www.archive.org/download/microfocuscobolf00micr/microfocuscobolf00micr_meta.mrc |
LEADER: 01031cam 2200241Ia 4500
001 ocm56029359
003 OCoLC
005 20100527112259.0
008 040727m19931994caua f 001 0 eng d
040 $aIVD$cIVD$dOCLCQ
035 $a(OCoLC)56029359
090 $aQA76.73.C25$bM537 1993
110 2 $aMicro Focus.
245 10 $aMicro Focus COBOL for DOS, Windows and OS/2.
260 $aPalo Alto, CA :$bMicro Focus,$c1993-1994.
300 $a9 v. :$bill. ;$c23 cm.
505 0 $aV. 1. Getting started -- v. 2. COBOL user guide -- v. 3-4. COBOL system reference (2 vols.) -- v. 5. Language reference -- v. 6. Language reference : additional topics -- v. 7. Error messages -- v. 8. Compatibility guide -- v. 9. Pocket guide.
500 $aIncludes indexes.
500 $aOrder of volumes taken from preface of Getting started.
650 0 $aCOBOL (Computer program language)$vHandbooks, manuals, etc.
650 0 $aMicrocomputers$xProgramming$vHandbooks, manuals, etc.
994 $aZ0$bPMR
948 $hNO HOLDINGS IN PMR - 1 OTHER HOLDINGS